<?xml version="1.0" encoding="UTF-8"?>
<record
    xmlns:xsi="http://www.w3.org/2001/XMLSchema-instance"
    xsi:schemaLocation="http://www.loc.gov/MARC21/slim http://www.loc.gov/standards/marcxml/schema/MARC21slim.xsd"
    xmlns="http://www.loc.gov/MARC21/slim">

  <leader>01706cam a2200205   4500</leader>
  <controlfield tag="001">6513</controlfield>
  <datafield tag="020" ind1=" " ind2=" ">
    <subfield code="a">9789350091272</subfield>
  </datafield>
  <datafield tag="100" ind1="1" ind2=" ">
    <subfield code="a">Tennyson, Alfred Tennyson</subfield>
    <subfield code="c">Baron, </subfield>
    <subfield code="d">1809-1892.</subfield>
  </datafield>
  <datafield tag="245" ind1="0" ind2="0">
    <subfield code="a">In memoriam, Maud :</subfield>
    <subfield code="b">and other poems /</subfield>
    <subfield code="c">Alfred Tennyson : edited, with an introd. and notes by John D. Jump.</subfield>
  </datafield>
  <datafield tag="260" ind1=" " ind2=" ">
    <subfield code="a">India :</subfield>
    <subfield code="b">Hachette,</subfield>
    <subfield code="c">2009.</subfield>
  </datafield>
  <datafield tag="300" ind1=" " ind2=" ">
    <subfield code="a">xxxvii, 239 p. ;</subfield>
    <subfield code="c">20 cm.</subfield>
  </datafield>
  <datafield tag="490" ind1="0" ind2=" ">
    <subfield code="a">[Everyman's university library ]</subfield>
  </datafield>
  <datafield tag="504" ind1=" " ind2=" ">
    <subfield code="a">Includes bibliographical references and index.</subfield>
  </datafield>
  <datafield tag="505" ind1=" " ind2=" ">
    <subfield code="a">CONTENTS: Mariana -- Song -- A character -- The lady of Shalott -- The miller's daughter -- Oenone -- The sisters -- The Lotus-Eaters -- Chloric song -- The two voices -- St. Simeon Stylites -- Ulysses -- The epic -- Morte d'Arthur -- Break, break, break- -- Amphion -- Locksley Hall -- The vision of sin -- Songs and lyrics from The princess: As thro' the land- ;  Sweet and low- ; The splendour falls- ; Tears, idle  tears- ; Home they brought her warrior- ; Ask me no more-  ; Now sleeps the crimson petal- ; -- Come down, o maid- -- In memoriam A.H.H. -- The charge of the Light Brigade -- Maud: A monodrama -- Tithonus -- In the Valley of Cauteretz -- Northern farmer-old style -- Northern farmer-new style -- The coming of Arthur -- The revenge -- To E. FitzGerald -- Vastness -- Crossing the bar.</subfield>
    <subfield code="g"></subfield>
    <subfield code="r"></subfield>
    <subfield code="t"></subfield>
  </datafield>
  <datafield tag="520" ind1=" " ind2=" ">
    <subfield code="a">A collection of the most well known and not so well known  poems by the great poet himself. Tennyson was the poet of  the Victorian age who succeeded Wordsworth as Poet  Laureate.</subfield>
  </datafield>
  <datafield tag="650" ind1=" " ind2=" ">
    <subfield code="a">English poetry -- 19th century.</subfield>
    <subfield code="v"></subfield>
    <subfield code="x"></subfield>
    <subfield code="y"></subfield>
    <subfield code="z"></subfield>
    <subfield code="2"></subfield>
  </datafield>
  <datafield tag="650" ind1=" " ind2=" ">
    <subfield code="a">English poetry.</subfield>
    <subfield code="v"></subfield>
    <subfield code="x"></subfield>
    <subfield code="y"></subfield>
    <subfield code="z"></subfield>
    <subfield code="2"></subfield>
  </datafield>
  <datafield tag="700" ind1="1" ind2=" ">
    <subfield code="a">Jump, John D.</subfield>
    <subfield code="q">(John Davies),</subfield>
    <subfield code="d">1913-1976.</subfield>
  </datafield>
  <datafield tag="999" ind1=" " ind2=" ">
    <subfield code="c">5491</subfield>
    <subfield code="d">5491</subfield>
  </datafield>
  <datafield tag="952" ind1=" " ind2=" ">
    <subfield code="0">0</subfield>
    <subfield code="1">0</subfield>
    <subfield code="2">ddc</subfield>
    <subfield code="4">0</subfield>
    <subfield code="7">0</subfield>
    <subfield code="8">MAIN</subfield>
    <subfield code="a">RTCLIB</subfield>
    <subfield code="b">RTCLIB</subfield>
    <subfield code="c">MAIN</subfield>
    <subfield code="d">2018-11-27</subfield>
    <subfield code="h"> </subfield>
    <subfield code="i">10249</subfield>
    <subfield code="l">0</subfield>
    <subfield code="o">821.8 TEN</subfield>
    <subfield code="p">30011292</subfield>
    <subfield code="r">2018-11-27 00:00:00</subfield>
    <subfield code="w">2018-11-27</subfield>
    <subfield code="y">MAIN</subfield>
  </datafield>
</record>
